000 00488nam a2200181Ia 4500
005 20250508153334.0
008 008 250505s9999 xx 000 0 eng d
037 _aBooks to be hide in OPAC
040 _aFEDL
_beng
_cFEDL
041 _aeng
_2eng
084 _a371.73, OHI/O
_qFEDL
100 _aHoward Glenn W
_992916
245 0 _aCollege physical education in Assam
260 _c1946
300 _a94p.
942 _cHB
_h371.73, OHI/O
999 _c1342129
_d1342129